000 01166nam a2200337 i 4500
001 46254
003 KOSZ 005
005 20200211132503.0
008 051010s2004 pl f f |000 0 pol d
020 _a8389829033
040 _cKOSZ 005
_aKOSZ 005
_dKOSZ 005/HR
041 1 _apol
_heng
080 _a004.732
080 _a(07)
100 1 _aRoss, John
_eAutor
245 1 0 _aSieci standardu Wi-Fi :
_bo tym, jak zainstalować, skonfigurować i korzystać z sieci bezprzewodowych standardu 802.11 /
_cJohn Ross.
246 3 0 _iTyt. oryg.:
_aThe book of Wi-Fi
260 _aPoznań :
_b"Nakom",
_c2004.
300 _a315 s. :
_bil. ;
_c24 cm.
380 _aKsiążki
388 _a2001-
500 _aTyt. oryg.: "The book of Wi-Fi".
504 _aIndeks.
650 7 _aBezprzewodowa lokalna sieć komputerowa
650 7 _aIEEE 802.11 (standardy informatyczne)
655 _aPodręcznik
658 _aInformatyka i technologie informacyjne
700 1 _aFilimonowicz, Robert
_eTłumaczenie
856 _uhttp://koha.tu.koszalin.pl/cgi-bin/koha/opac-detail.pl?biblionumber=46254
_yKatalog online BPK
942 _cKS
_2UKD
999 _c46254
_d46254